000 02331cam a22004934i 4500
003 PE-LiUPU
005 20250731173137.0
008 150623s r 000 0 d
020 _a9780911830132
035 _a(Sirsi) a27041
040 _aPE-LiUPU
_bspa
_cPE-LiUPU
_erda
082 0 4 _a230.6732
_bH22
_221
100 1 _aHardinge, Leslie,
_eautor.
245 1 0 _aWith Jesus in his sanctuary :
_ba walk through the tabernacle along his way /
_cLeslie Hardinge.
264 1 _aHarrisburg, Pennsylvania :
_bAmerican Cassette Ministries,
_c1991.
300 _a576 páginas :
_bilustraciones, gráficos ;
_c24 cm.
336 _atext
_2rdacontent
337 _aunmediated
_2rdamedia
338 _avolume
_2rdacarrier
505 0 _aWith Jesus in the camp. With Jesus in the court. With Jesus in the holy place. With Jesus in his most holy shrine. With Jesus my priest. With Jesus on calvary. With Jesus in life's cycles. With Jesus in holy living. With Jesus in the great assize.
526 _aSEG42
526 _aSEG41
526 _aSEG40
526 _aSEG39
526 _aP94
526 _aP87
526 _aP86
526 _aP85
526 _aP77
526 _aP76
526 _aP35
541 _g10606;
650 0 4 _aTabernáculo.
_94245
650 0 4 _aSantuario
_xDoctrina (IASD).
_94147
650 0 4 _aAdventistas del séptimo día
_xDoctrinas.
942 _2ddc
_cBOOK
949 _a230.6732 H22 1991
_wDEWEY
_c1
_i59444
_lCCODEBUL1
_mBUL
_p20.00
_r0
_sY
_tBOOK
_u2015-06-24
_xTEOLOGIA
_PP35
_0COMPRA
_o.STAFF. Colección General
949 _a230.6732 H22 1991
_wDEWEY
_c2
_i52318
_lCCODEBUL1
_mBUL
_p25.00
_r0
_sY
_tBOOK
_u2015-06-24
_xTEOLOGIA
_PP35
_0COMPRA
_o.STAFF. Centro White
596 _a1 4
999 _a230 H22
_wDEWEY
_c34139
_i52318
_f2021-11-9
_g5
_lCCODEBUL1
_mBUL
_p25.00
_r0
_sY
_tBOOK
_u2015-6-24
_xTEOLOGIA
_PP35
_0COMPRA
_o.STAFF. Colección General
_d34139
999 _a230.6732 H22 1991
_wDEWEY
_c1
_iCW59444
_f2021-12-22
_g2
_lCCODECWL1
_mBWL
_p20.00
_r0
_sY
_tBOOK
_u2015-6-24
_xWHITE
_zUNKNOWN
_0COMPRA
_o.STAFF. Centro White
999 _a230.6732 H22 1991
_wDEWEY
_c2
_iCW63472
_f2021-12-22
_g2
_lCCODECWL1
_mBWL
_p20.00
_r0
_sY
_tBOOK
_u2018-2-7
_xWHITE
_zUNKNOWN
_0COMPRA
_o.STAFF. Centro White
980 _81
_gALBERTO SANCHEZ Responsable de Automatización